| 000 | 00842nam a2200229 a 4500 | ||
|---|---|---|---|
| 001 | 000009551 | ||
| 005 | 20240412074212.0 | ||
| 008 | 090930t2002 dr 001 p spa d | ||
| 020 | _a9993402761 | ||
| 040 |
_aDO-SdBNP _bspa _cBNPHU |
||
| 082 |
_aRD861.44 _bB253o |
||
| 100 | 1 |
_aBarinas Coiscou, Sócrates, _d1916-2021 _924379 |
|
| 245 | 1 | 0 |
_aOcaso : _bviaje hacia ti o metafísica sentimental / _cSócrates Barinas Coiscou ; prólogo José Oscar Viñas Bonnelly ; edición Domingo Peña Nina. |
| 260 |
_aSanto Domingo : _bComando, _c2002. |
||
| 300 |
_a193 p. ; _c22 cm. |
||
| 590 | _aInventariado, 2018/LP | ||
| 650 | 0 |
_aPoesía dominicana _966 |
|
| 650 | 0 |
_aLiteratura dominicana. _967 |
|
| 700 | 1 |
_aViñas Bonnelly, José Oscar, _epról. _924384 |
|
| 700 | 1 |
_aPeña Nina, Domingo, _eed. _919121 |
|
| 910 | _aValidado. Control de calidad EMS. | ||
| 999 |
_c9311 _d9311 |
||